[Event "Junior Online 4NCL Division 3"]
[Site "online"]
[Date "2020.10.01"]
[Round "4.156"]
[White "Baranidharan, Kritthik"]
[Black "Milani-Foglia, Aurelio"]
[Result "0-1"]
[WhiteElo "1040"]
[BlackElo "1352"]
[PlyCount "72"]
[EventDate "2020.10.01"]
[WhiteTeam "St John's College C"]
[BlackTeam "May The Fork Be With You 3"]

1. Nf3 d5 2. g3 Nc6 3. Bg2 e5 4. d3 Nf6 5. Nbd2 Bg4 6. O-O Bc5 7. Nb3 Bb6 8.
Nbd2 O-O 9. Re1 Qd7 10. e4 Bh3 11. exd5 Nd4 12. Nxe5 Qf5 13. Ndf3 Nxf3+ 14.
Nxf3 Ng4 15. Be3 Nxe3 16. fxe3 Rfe8 17. Qd2 Bg4 18. Qf2 Re7 19. Rad1 Rae8 20.
b3 Rxe3 21. Rxe3 Bxe3 22. Qxe3 Rxe3 23. Rf1 Bxf3 24. Bxf3 Rxf3 25. Rxf3 Qxf3
26. d6 cxd6 27. d4 Qc3 28. Kg2 Qxc2+ 29. Kh3 Qxa2 30. Kg4 Qxb3 31. h4 g6 32.
Kh3 Kg7 33. h5 gxh5 34. Kh4 Kg6 35. g4 Qf3 36. d5 Qxg4# 0-1

[Event "Junior Online 4NCL Division 3"]
[Site "online"]
[Date "2020.10.01"]
[Round "4.157"]
[White "Joshi, Aarav"]
[Black "Singh, Ayush"]
[Result "1-0"]
[WhiteElo "1225"]
[BlackElo "967"]
[PlyCount "89"]
[EventDate "2020.10.01"]
[WhiteTeam "May The Fork Be With You 3"]
[BlackTeam "St John's College C"]

1. e4 e5 2. Nf3 Nc6 3. Bc4 Bc5 4. c3 Nf6 5. d4 exd4 6. cxd4 Bb4+ 7. Nc3 Bxc3+
8. bxc3 Nxe4 9. Qe2 Qe7 10. O-O Nxc3 11. Qxe7+ Nxe7 12. Re1 c6 13. Ba3 d6 14.
Bxd6 Be6 15. Bxe6 fxe6 16. Rxe6 Ncd5 17. Rae1 Kd7 18. Bxe7 Nxe7 19. Rxe7+ Kc8
20. Re8+ Kc7 21. Rxa8 Rxa8 22. Re7+ Kb6 23. Rxg7 Rd8 24. Rxh7 c5 25. dxc5+ Kxc5
26. h3 Rd1+ 27. Kh2 Rd5 28. Rxb7 a5 29. Ra7 Kb4 30. g4 Rd3 31. Kg3 Rd4 32. Nxd4
Ka4 33. h4 Ka3 34. Rxa5+ Kb2 35. h5 Ka1 36. h6 Kb1 37. h7 Ka1 38. h8=Q Kb1 39.
Qb8+ Kc1 40. Rc5+ Kd1 41. Qb1+ Kd2 42. Nb3+ Ke2 43. Rc2+ Kd3 44. Qd1+ Ke4 45.
Qd4# 1-0

[Event "Junior Online 4NCL Division 3"]
[Site "online"]
[Date "2020.10.01"]
[Round "4.158"]
[White "Fattorelli, Giulio"]
[Black "Popat, Imara"]
[Result "0-1"]
[WhiteElo "872"]
[BlackElo "1285"]
[PlyCount "24"]
[EventDate "2020.10.01"]
[WhiteTeam "St John's College C"]
[BlackTeam "May The Fork Be With You 3"]

1. e4 e5 2. Nf3 Nc6 3. Bc4 Bc5 4. d4 Nxd4 5. Ng5 Nh6 6. Be3 Ne6 7. Qd2 Bxe3 8.
Qxe3 Ng4 9. Qd2 Nxg5 10. Rf1 O-O 11. f4 Nxe4 12. fxe5 Nxd2 0-1

[Event "Junior Online 4NCL Division 3"]
[Site "online"]
[Date "2020.10.01"]
[Round "4.161"]
[White "Cepoi, Gesneria-Codruta"]
[Black "Jayawarna, Thisumi"]
[Result "0-1"]
[WhiteElo "1375"]
[BlackElo "1637"]
[PlyCount "58"]
[EventDate "2020.10.01"]
[WhiteTeam "Uxbridge Girls"]
[BlackTeam "Manchester Juniors B"]

1. e4 d5 2. Nc3 d4 3. Nce2 e5 4. Nf3 Nc6 5. c3 dxc3 6. Nxc3 Bg4 7. Be2 Nf6 8.
h3 Bh5 9. g4 Bg6 10. d3 Bb4 11. Nh4 Nxe4 12. dxe4 Qxh4 13. a3 Bc5 14. Be3 Bxe3
15. O-O Bf4 16. Nd5 O-O-O 17. Qb3 Bxe4 18. Nxf4 exf4 19. Qxf7 Bd5 20. Qf5+ Kb8
21. Qxf4 Qxh3 22. f3 Rhf8 23. Qe3 Rde8 24. Qd3 Rd8 25. Rad1 Qg3+ 26. Kh1 Ne5
27. Qe3 Nxg4 28. Qg1 Qh3+ 29. Qh2 Qxh2# 0-1

[Event "Junior Online 4NCL Division 3"]
[Site "online"]
[Date "2020.10.01"]
[Round "4.163"]
[White "Siddiqui, Zainab"]
[Black "Fung, Marcus"]
[Result "0-1"]
[WhiteElo "835"]
[BlackElo "1382"]
[PlyCount "60"]
[EventDate "2020.10.01"]
[WhiteTeam "Uxbridge Girls"]
[BlackTeam "Manchester Juniors B"]

1. e4 e5 2. Qh5 Nc6 3. Bc4 g6 4. Qf3 Qf6 5. Qg3 Bc5 6. Nh3 h6 7. O-O d6 8. d3
Bd7 9. Nc3 O-O-O 10. a3 Nge7 11. b4 Bd4 12. Bb2 Rdg8 13. b5 Nd8 14. Kh1 Ne6 15.
f4 exf4 16. Nxf4 Qg5 17. Qf3 Nxf4 18. Qxf4 Qxf4 19. Rxf4 Be6 20. b6 axb6 21.
Bxe6+ fxe6 22. Rf7 Kd7 23. g3 h5 24. Rb1 g5 25. Ne2 Bxb2 26. Rxb2 h4 27. g4 Rf8
28. Rxf8 Rxf8 29. Nd4 h3 30. c4 Rf1# 0-1

[Event "Junior Online 4NCL Division 3"]
[Site "online"]
[Date "2020.10.01"]
[Round "4.164"]
[White "Correa, Rebecca"]
[Black "Vijayakumar, Mrinali"]
[Result "1-0"]
[WhiteElo "1390"]
[BlackElo "842"]
[PlyCount "41"]
[EventDate "2020.10.01"]
[WhiteTeam "Manchester Juniors B"]
[BlackTeam "Uxbridge Girls"]

1. d4 Nc6 2. Nf3 e6 3. Bf4 Bb4+ 4. c3 Ba5 5. e3 d5 6. h3 Nf6 7. Bd3 O-O 8. O-O
Nh5 9. Bh2 Qf6 10. Nbd2 e5 11. dxe5 Nxe5 12. Nxe5 Qh4 13. Ndf3 Qf6 14. Nd4 Qh4
15. Qf3 c6 16. Nf5 Bxf5 17. Bxf5 d4 18. exd4 Rad8 19. Qg4 Qf6 20. Qxh5 c5 21.
Qxh7# 1-0

[Event "Junior Online 4NCL Division 3"]
[Site "online"]
[Date "2020.10.01"]
[Round "4.165"]
[White "Jayawarna, Thisumi"]
[Black "Cepoi, Gesneria-Codruta"]
[Result "1-0"]
[WhiteElo "1637"]
[BlackElo "1375"]
[PlyCount "77"]
[EventDate "2020.10.01"]
[WhiteTeam "Manchester Juniors B"]
[BlackTeam "Uxbridge Girls"]

1. e4 Nf6 2. e5 Nd5 3. d4 f6 4. c4 Nb6 5. exf6 exf6 6. Bd3 Qe7+ 7. Ne2 c5 8. d5
Qe5 9. Nbc3 a6 10. O-O d6 11. Nf4 Qd4 12. Be3 Qe5 13. Bd2 Qg5 14. Ne6 Qh4 15.
Nc7+ Kd7 16. Nxa8 Nxa8 17. Qa4+ Kc7 18. Rfe1 Nb6 19. Qa5 Bd7 20. b3 Qd4 21. Re3
g6 22. Rae1 Bh6 23. R3e2 Qxd3 24. Bxh6 Re8 25. Rxe8 Bxe8 26. Rxe8 N8d7 27. h3
g5 28. Rh8 Qg6 29. Bf8 Qe8 30. Bxd6+ Kxd6 31. Rxe8 Kc7 32. Re7 Kd6 33. Re6+ Kc7
34. Ne4 h6 35. Nxc5 Nxc5 36. Qxc5+ Kd7 37. Qxb6 Kc8 38. Re8+ Kd7 39. Qe6+ 1-0

[Event "Junior Online 4NCL Division 3"]
[Site "online"]
[Date "2020.10.01"]
[Round "4.167"]
[White "Fung, Marcus"]
[Black "Siddiqui, Zainab"]
[Result "1-0"]
[WhiteElo "1382"]
[BlackElo "835"]
[PlyCount "77"]
[EventDate "2020.10.01"]
[WhiteTeam "Manchester Juniors B"]
[BlackTeam "Uxbridge Girls"]

1. d4 Nc6 2. Bf4 d5 3. e3 h6 4. c3 g5 5. Bg3 f6 6. h4 g4 7. Bd3 f5 8. Nd2 Nf6
9. f3 gxf3 10. Qxf3 Ng4 11. Ne2 e5 12. dxe5 Ncxe5 13. Bxe5 Nxe5 14. Qh5+ Ke7
15. Bxf5 Nc4 16. Nxc4 dxc4 17. Rd1 Qe8 18. Qxe8+ Kxe8 19. Bg6+ Ke7 20. Nf4 Kf6
21. Bc2 Bg4 22. Nd5+ Ke5 23. Rd4 Bh5 24. Nxc7 Rc8 25. Re4+ Kd6 26. Ne6 Bg6 27.
Rd4+ Kxe6 28. Bxg6 Rg8 29. Be4 Re8 30. Bd5+ Ke5 31. Bxg8 Bc5 32. Bf7 Rf8 33.
Rd5+ Ke4 34. Rxc5 Rxf7 35. Rxc4+ Kd3 36. Rd4+ Kxe3 37. Rf1 Re7 38. Kd1 Rg7 39.
Rf3# 1-0

[Event "Junior Online 4NCL Division 3"]
[Site "online"]
[Date "2020.10.01"]
[Round "4.168"]
[White "Vijayakumar, Mrinali"]
[Black "Correa, Rebecca"]
[Result "0-1"]
[WhiteElo "842"]
[BlackElo "1390"]
[PlyCount "90"]
[EventDate "2020.10.01"]
[WhiteTeam "Uxbridge Girls"]
[BlackTeam "Manchester Juniors B"]

1. e4 c5 2. e5 Nc6 3. Nf3 d6 4. Bb5 Bd7 5. exd6 exd6 6. O-O Be7 7. d4 cxd4 8.
Nxd4 Nxd4 9. Bc4 Nc6 10. Qd5 Be6 11. Qb5 Bxc4 12. Qxc4 Nf6 13. Bf4 O-O 14. Nc3
Qb6 15. Nd5 Nxd5 16. Qxd5 Qc5 17. Qf3 Nd4 18. Qe4 Ne6 19. Qxb7 Nxf4 20. Qxe7
Qxc2 21. Rae1 Qc6 22. Re4 Ng6 23. Rc4 Nxe7 24. Rxc6 Nxc6 25. Rc1 Rfe8 26. f4
Rac8 27. f5 Nd4 28. Rf1 Re2 29. f6 g6 30. h4 Rcc2 31. Kh2 Rxg2+ 32. Kh3 Rh2+
33. Kg3 Rcg2+ 34. Kf4 Rf2+ 35. Rxf2 Rxf2+ 36. Ke3 Rxb2 37. Kxd4 Rxa2 38. Kd5
Rb2 39. Kxd6 a5 40. Ke5 a4 41. Kf4 a3 42. Kg5 a2 43. h5 a1=Q 44. hxg6 hxg6 45.
Kh6 Qc1# 0-1

[Event "Junior Online 4NCL Division 3"]
[Site "online"]
[Date "2020.10.15"]
[Round "5.11"]
[White "Kanodia, Ramit"]
[Black "Tumurugoti, Vaed"]
[Result "1-0"]
[WhiteElo "900"]
[BlackElo "880"]
[PlyCount "55"]
[EventDate "2020.10.15"]
[WhiteTeam "Dundee City"]
[BlackTeam "Friar Tucks"]

1. e4 e5 2. Nf3 Nc6 3. Bb5 Nd4 4. Nxd4 exd4 5. d3 c6 6. Bc4 b5 7. Bb3 Nf6 8. c3
Bc5 9. O-O d6 10. Bg5 Bg4 11. Qxg4 h5 12. Qd1 a5 13. a3 a4 14. Ba2 Qc8 15. Bxf6
gxf6 16. b4 f5 17. bxc5 dxc5 18. exf5 Qxf5 19. Re1+ Kf8 20. cxd4 cxd4 21. Qc2
Rc8 22. Nd2 Rg8 23. Ne4 Qg6 24. Ng3 h4 25. Qc5+ Kg7 26. Qe5+ f6 27. Nf5+ Kf8
28. Qe7# 1-0

[Event "Junior Online 4NCL Division 3"]
[Site "online"]
[Date "2020.10.15"]
[Round "5.12"]
[White "Brown, William"]
[Black "Dickson, Josh"]
[Result "1-0"]
[WhiteElo "790"]
[BlackElo "200"]
[PlyCount "66"]
[EventDate "2020.10.15"]
[WhiteTeam "Friar Tucks"]
[BlackTeam "Dundee City"]

1. d4 e6 2. e4 d5 3. e5 Nc6 4. Nf3 Be7 5. Nc3 Bd7 6. Bd3 Nh6 7. O-O O-O 8. Be3
Nf5 9. Bf4 Ncxd4 10. Nxd4 Nxd4 11. Ne2 Nf5 12. g4 Nh6 13. Nd4 c5 14. Nb5 Bxb5
15. Bxb5 a6 16. Bd3 b5 17. b3 c4 18. bxc4 dxc4 19. Be4 Qxd1 20. Raxd1 f6 21.
Bxa8 Rxa8 22. exf6 Bxf6 23. g5 Ng4 24. gxf6 Nxf6 25. Rd2 Ne4 26. Re2 Nc3 27.
Rxe6 Nd5 28. Bd2 Nc7 29. Rc6 Rc8 30. Bf4 Nd5 31. Rxc8+ Kf7 32. Bc1 Nb6 33. Rc7+
Kf8 1-0

[Event "Junior Online 4NCL Division 3"]
[Site "online"]
[Date "2020.10.15"]
[Round "5.13"]
[White "Dickson, Noah"]
[Black "Khatwani, Alisha"]
[Result "1-0"]
[WhiteElo "200"]
[BlackElo "857"]
[PlyCount "71"]
[EventDate "2020.10.15"]
[WhiteTeam "Dundee City"]
[BlackTeam "Friar Tucks"]

1. Nf3 e5 2. Nxe5 d6 3. Nf3 Bf5 4. d4 Nf6 5. Bf4 Nc6 6. Nc3 Nb4 7. Rb1 Nxc2+ 8.
Kd2 d5 9. Nh4 Bb4 10. Nxf5 Ng4 11. Qxc2 g5 12. Bg3 Qd7 13. e3 O-O 14. a3 Bxc3+
15. bxc3 Rae8 16. Rxb7 Qc6 17. Rxa7 Qb6 18. Qa4 Qb2+ 19. Kd3 Qb1+ 20. Qc2 Qb5+
21. Kd2 Nxf2 22. Bxb5 Re4 23. Bxf2 Re7 24. Nxe7+ Kg7 25. Rxc7 Ra8 26. Nf5+ Kg6
27. Ne7+ Kh5 28. Qd1+ Kh6 29. Qf3 Rxa3 30. Qf6+ Kh5 31. Nxd5 Ra2+ 32. Kd3 Kg4
33. h3+ Kh5 34. Qxf7+ Kh6 35. Nf6 Rxf2 36. Qxh7# 1-0

[Event "Junior Online 4NCL Division 3"]
[Site "online"]
[Date "2020.10.15"]
[Round "5.14"]
[White "Tumurug, Vidwat"]
[Black "Liu, Haoqi"]
[Result "0-1"]
[WhiteElo "760"]
[BlackElo "200"]
[PlyCount "46"]
[EventDate "2020.10.15"]
[WhiteTeam "Friar Tucks"]
[BlackTeam "Dundee City"]

1. e4 e5 2. Nc3 Nf6 3. Bb5 Bb4 4. Na4 O-O 5. c3 Be7 6. c4 c6 7. Nc5 cxb5 8. Nd3
Nc6 9. Nc5 Bxc5 10. Nf3 Nxe4 11. Nh4 Qxh4 12. g3 Qe7 13. d3 Nxf2 14. Qc2 Nxh1
15. Qd1 Bf2+ 16. Kf1 d6 17. Kg2 Bd4 18. Kxh1 Bh3 19. Bg5 Qxg5 20. Rc1 Nb4 21.
Qd2 Qxd2 22. Rg1 Qf2 23. cxb5 Qxg1# 0-1

[Event "Junior Online 4NCL Division 3"]
[Site "online"]
[Date "2020.10.15"]
[Round "5.15"]
[White "Tumurugoti, Vaed"]
[Black "Kanodia, Ramit"]
[Result "0-1"]
[WhiteElo "880"]
[BlackElo "900"]
[PlyCount "52"]
[EventDate "2020.10.15"]
[WhiteTeam "Friar Tucks"]
[BlackTeam "Dundee City"]

1. e4 e5 2. Nf3 Nc6 3. Bc4 Bc5 4. Nc3 d6 5. O-O Bg4 6. a3 Nd4 7. d3 Nxf3+ 8.
gxf3 Bh3 9. b4 Bxf1 10. Kxf1 Bb6 11. Nd5 Nf6 12. Nxf6+ Qxf6 13. f4 exf4 14. Qg4
Qxa1 15. Kg2 Qxc1 16. Qxg7 O-O-O 17. Qxf7 Rhg8+ 18. Kf3 Qd1+ 19. Kxf4 Rdf8 20.
Be6+ Kb8 21. Qxf8+ Rxf8+ 22. Kg3 Qxc2 23. Kg4 Qxd3 24. e5 Qe4+ 25. f4 Bf2 26.
Kg5 Qg6# 0-1

[Event "Junior Online 4NCL Division 3"]
[Site "online"]
[Date "2020.10.15"]
[Round "5.16"]
[White "Dickson, Josh"]
[Black "Brown, William"]
[Result "0-1"]
[WhiteElo "200"]
[BlackElo "790"]
[PlyCount "70"]
[EventDate "2020.10.15"]
[WhiteTeam "Dundee City"]
[BlackTeam "Friar Tucks"]

1. e4 e5 2. Nf3 Nc6 3. Nc3 Nf6 4. Bc4 Bc5 5. O-O Na5 6. d3 Nxc4 7. dxc4 b6 8.
b3 Ba6 9. Nxe5 Bd6 10. f4 Bc5+ 11. Kh1 Qe7 12. g3 Bb7 13. Bb2 Nxe4 14. Nxe4
Bxe4+ 15. Rf3 Bxf3+ 16. Qxf3 O-O 17. Re1 d6 18. Nc6 Qxe1+ 19. Kg2 Qg1+ 20. Kh3
Qb1 21. Bc3 Qxc2 22. Bxg7 Qf5+ 23. Qg4 Qxg4+ 24. Kxg4 Kxg7 25. Ne7 Bg1 26. Nf5+
Kg8 27. Nh6+ Kg7 28. Nf5+ Kf6 29. Nh4 Bxh2 30. Nf3 Rg8+ 31. Ng5 h6 32. Kh5 hxg5
33. fxg5+ Rxg5+ 34. Kh6 Bxg3 35. Kh7 Rh5# 0-1

[Event "Junior Online 4NCL Division 3"]
[Site "online"]
[Date "2020.10.15"]
[Round "5.17"]
[White "Khatwani, Alisha"]
[Black "Dickson, Noah"]
[Result "0-1"]
[WhiteElo "857"]
[BlackElo "200"]
[PlyCount "84"]
[EventDate "2020.10.15"]
[WhiteTeam "Friar Tucks"]
[BlackTeam "Dundee City"]

1. e4 e5 2. Nf3 Nc6 3. Bc4 Nf6 4. c3 Bc5 5. d4 exd4 6. cxd4 Nxd4 7. Nxd4 Bxd4
8. Qxd4 O-O 9. Bg5 Re8 10. Nc3 h6 11. Bh4 g5 12. Bg3 Nh5 13. Be5 d6 14. Bf6
Nxf6 15. O-O Qd7 16. e5 dxe5 17. Qc5 Qd2 18. Qb4 a5 19. Qb3 Ng4 20. Bxf7+ Kf8
21. Bxe8 Kxe8 22. Qe6+ Bxe6 23. h3 Qxb2 24. Ne4 Qd4 25. Rae1 Qa4 26. hxg4 Bxg4
27. Nf6+ Kd8 28. f3 Be6 29. Rd1+ Ke7 30. Nd5+ Bxd5 31. Rxd5 Qxa2 32. Rxe5+ Kf6
33. Rfe1 h5 34. g4 h4 35. f4 gxf4 36. Rf1 Kxe5 37. Re1+ Kf6 38. Kf1 Kg5 39.
Re5+ Kxg4 40. Re1 Qc4+ 41. Re2 Kf3 42. Ke1 Qxe2# 0-1

[Event "Junior Online 4NCL Division 3"]
[Site "online"]
[Date "2020.10.15"]
[Round "5.18"]
[White "Liu, Haoqi"]
[Black "Tumurug, Vidwat"]
[Result "1-0"]
[WhiteElo "200"]
[BlackElo "760"]
[PlyCount "63"]
[EventDate "2020.10.15"]
[WhiteTeam "Dundee City"]
[BlackTeam "Friar Tucks"]

1. e4 e5 2. Bc4 Bc5 3. Nf3 Nh6 4. Nc3 Ng4 5. O-O Nxf2 6. Rxf2 Bxf2+ 7. Kxf2 Nc6
8. d3 d6 9. Bg5 f6 10. Be3 Ne7 11. Nd5 Ng6 12. g3 Bg4 13. Bd2 Bh3 14. Ke1 O-O
15. Nxc7+ d5 16. exd5 Qxc7 17. d6+ Qxc4 18. dxc4 Rac8 19. Bb4 Rfe8 20. d7 Red8
21. dxc8=Q Rxc8 22. c5 Rd8 23. Qxd8+ Nf8 24. Rd1 h5 25. c6 bxc6 26. Bxf8 Kh7
27. Be7 Kh6 28. Qh8+ Kg6 29. Rd8 Kf5 30. Qxh5+ Ke6 31. Qxh3+ Kxe7 32. Qd7# 1-0

[Event "Junior Online 4NCL Division 3"]
[Site "online"]
[Date "2020.10.15"]
[Round "5.21"]
[White "Shatapathy, Shrimukund"]
[Black "Masood, Rameen"]
[Result "1-0"]
[WhiteElo "1075"]
[BlackElo "1097"]
[PlyCount "37"]
[EventDate "2020.10.15"]
[WhiteTeam "Harrow Juniors F"]
[BlackTeam "Leicestershire Juniors 3"]

1. e4 e6 2. Nf3 Nc6 3. Bc4 Bc5 4. d3 d5 5. exd5 exd5 6. Bg5 Qd6 7. Qe2+ Be6 8.
Bb5 f6 9. Bh4 Nge7 10. Bg3 Bb4+ 11. c3 Bxc3+ 12. Nxc3 Qb4 13. Qxe6 Qxb2 14. O-O
Qxc3 15. Bxc7 Rc8 16. Rfe1 Kf8 17. Bxc6 Rxc7 18. Bxd5 Qxd3 19. Qf7# 1-0

[Event "Junior Online 4NCL Division 3"]
[Site "online"]
[Date "2020.10.15"]
[Round "5.23"]
[White "Grahame, Silas"]
[Black "Abraham, Leo"]
[Result "0-1"]
[WhiteElo "1075"]
[BlackElo "1015"]
[PlyCount "44"]
[EventDate "2020.10.15"]
[WhiteTeam "Harrow Juniors F"]
[BlackTeam "Leicestershire Juniors 3"]

1. Nf3 Nf6 2. g3 Nc6 3. Bg2 e5 4. O-O Bc5 5. d3 O-O 6. Bg5 h6 7. Be3 Bxe3 8.
fxe3 Ng4 9. Nc3 Nxe3 10. Qd2 Nxf1 11. Rxf1 d5 12. Nxe5 Nxe5 13. Bxd5 c6 14. Be4
Bh3 15. Rf2 Ng4 16. Rf3 Qd4+ 17. Kh1 Nf2+ 18. Kg1 Nxe4+ 19. Kh1 Nxd2 20. Rf5
Rae8 21. Rh5 Qf2 22. Rxh3 Qf1# 0-1

[Event "Junior Online 4NCL Division 3"]
[Site "online"]
[Date "2020.10.15"]
[Round "5.24"]
[White "Parizad, Anjal"]
[Black "Parikh, Aadhya"]
[Result "1-0"]
[WhiteElo "1000"]
[BlackElo "700"]
[PlyCount "35"]
[EventDate "2020.10.15"]
[WhiteTeam "Leicestershire Juniors 3"]
[BlackTeam "Harrow Juniors F"]

1. e4 e5 2. Nf3 Nf6 3. Bc4 Bc5 4. Nxe5 Nxe4 5. Nxf7 Nxf2 6. Qe2+ Kf8 7. Nxd8
Nxh1 8. Qf3+ Ke8 9. Qf7+ Kxd8 10. Qxg7 Ke8 11. Qxh8+ Ke7 12. Qxc8 Ng3 13. Qxc7
Nh1 14. Qe5+ Kf8 15. Qxc5+ Ke8 16. d4 Na6 17. Qe5+ Kf8 18. Bh6# 1-0

[Event "Junior Online 4NCL Division 3"]
[Site "online"]
[Date "2020.10.15"]
[Round "5.25"]
[White "Masood, Rameen"]
[Black "Shatapathy, Shrimukund"]
[Result "1-0"]
[WhiteElo "1097"]
[BlackElo "1075"]
[PlyCount "45"]
[EventDate "2020.10.15"]
[WhiteTeam "Leicestershire Juniors 3"]
[BlackTeam "Harrow Juniors F"]

1. e4 e5 2. Nf3 Nc6 3. Bc4 Nf6 4. Ng5 Nd4 5. Nxf7 Qe7 6. Nxh8 g6 7. Bf7+ Kd8 8.
O-O Bg7 9. Nxg6 Qc5 10. c3 hxg6 11. Bxg6 Nc6 12. d3 d5 13. Bg5 dxe4 14. dxe4+
Bd7 15. Bf5 Nb8 16. Na3 Ke8 17. Bxf6 Bxf6 18. Qh5+ Kd8 19. Rad1 Ke7 20. Qh7+
Kf8 21. Bxd7 Nxd7 22. Rxd7 Re8 23. Qf7# 1-0

[Event "Junior Online 4NCL Division 3"]
[Site "online"]
[Date "2020.10.15"]
[Round "5.27"]
[White "Abraham, Leo"]
[Black "Grahame, Silas"]
[Result "1-0"]
[WhiteElo "1015"]
[BlackElo "1075"]
[PlyCount "37"]
[EventDate "2020.10.15"]
[WhiteTeam "Leicestershire Juniors 3"]
[BlackTeam "Harrow Juniors F"]

1. e4 c5 2. Nf3 Nc6 3. Nc3 b6 4. Bc4 d6 5. Bd5 Bb7 6. O-O Qd7 7. d3 O-O-O 8.
Nb5 Qg4 9. h3 Qg6 10. Bxc6 Bxc6 11. Nxa7+ Kc7 12. Nxc6 Kxc6 13. Re1 Nf6 14. Be3
Nh5 15. d4 e5 16. d5+ Kb5 17. Qd3+ Kb4 18. Qa6 Nf4 19. a3# 1-0

[Event "Junior Online 4NCL Division 3"]
[Site "online"]
[Date "2020.10.15"]
[Round "5.28"]
[White "Parikh, Aadhya"]
[Black "Parizad, Anjal"]
[Result "0-1"]
[WhiteElo "700"]
[BlackElo "1000"]
[PlyCount "38"]
[EventDate "2020.10.15"]
[WhiteTeam "Harrow Juniors F"]
[BlackTeam "Leicestershire Juniors 3"]

1. e4 e5 2. Nf3 Nf6 3. Nxe5 Nxe4 4. Bd3 Nf6 5. Be4 d6 6. Bd3 dxe5 7. Nc3 e4 8.
Bxe4 Bc5 9. Bxb7 Bxb7 10. Nb5 Qe7+ 11. Kf1 Ne4 12. f3 Ng5 13. Nc3 Nc6 14. Na4
Bd4 15. Nc5 Bxc5 16. d3 Nd4 17. Bxg5 Qxg5 18. f4 Qxf4+ 19. Kg1 Ne2# 0-1

[Event "Junior Online 4NCL Division 3"]
[Site "online"]
[Date "2020.10.15"]
[Round "5.31"]
[White "Baguley, Rory"]
[Black "Murthy, Rishab"]
[Result "0-1"]
[WhiteElo "1187"]
[BlackElo "1030"]
[PlyCount "54"]
[EventDate "2020.10.15"]
[WhiteTeam "Surbiton Juniors C"]
[BlackTeam "Warwickshire Bears G"]

1. e4 e5 2. Nf3 Nc6 3. Bc4 Bc5 4. c3 Nf6 5. d4 exd4 6. cxd4 Bb4+ 7. Nc3 Bxc3+
8. bxc3 Nxe4 9. Qe2 Qe7 10. O-O Nxc3 11. Qd3 Ne4 12. Re1 f5 13. a4 h6 14. Ba3
d6 15. d5 Ne5 16. Nxe5 Qxe5 17. Bb5+ Bd7 18. Bxd7+ Kxd7 19. Qb5+ Kc8 20. Rab1
b6 21. Qc6 Rb8 22. Rbc1 Rb7 23. f3 Qd4+ 24. Kh1 Nf2+ 25. Kg1 Nh3+ 26. Kh1 Qg1+
27. Rxg1 Nf2# 0-1

[Event "Junior Online 4NCL Division 3"]
[Site "online"]
[Date "2020.10.15"]
[Round "5.32"]
[White "Gandhi, Preesh"]
[Black "de Villiers, Alex"]
[Result "1-0"]
[WhiteElo "1082"]
[BlackElo "1225"]
[PlyCount "50"]
[EventDate "2020.10.15"]
[WhiteTeam "Warwickshire Bears G"]
[BlackTeam "Surbiton Juniors C"]

1. e4 e5 2. Nf3 Nc6 3. Bc4 d6 4. d3 Be7 5. Nc3 Nf6 6. O-O O-O 7. Be3 b6 8. Qe2
Na5 9. Bb5 d5 10. exd5 Nxd5 11. Nxe5 Nxc3 12. bxc3 Qd5 13. d4 a6 14. Bd3 c5 15.
Nf3 cxd4 16. Bxd4 Re8 17. Bxb6 Bd7 18. Qd2 Rab8 19. Bxh7+ Kxh7 20. Qxd5 Rxb6
21. Qxd7 Rbb8 22. Ng5+ Bxg5 23. Qxf7 Bd2 24. Qh5+ Kg8 25. Qxa5 Re2 1-0

[Event "Junior Online 4NCL Division 3"]
[Site "online"]
[Date "2020.10.15"]
[Round "5.33"]
[White "Holben, Joseph"]
[Black "Khashu, Rohan"]
[Result "1-0"]
[WhiteElo "1225"]
[BlackElo "1037"]
[PlyCount "39"]
[EventDate "2020.10.15"]
[WhiteTeam "Surbiton Juniors C"]
[BlackTeam "Warwickshire Bears G"]

1. e4 e5 2. Nf3 Nc6 3. Bc4 Bc5 4. d3 Nf6 5. Bg5 Nxe4 6. Bxd8 Bxf2+ 7. Kf1 d6 8.
dxe4 Bd4 9. Ng5 Nxd8 10. Qf3 f6 11. Nh3 Bxh3 12. gxh3 Bxb2 13. Rg1 Bxa1 14.
Rxg7 Rf8 15. Qh5+ Nf7 16. Bxf7+ Kd8 17. Be6 a5 18. Qxh7 Ra6 19. Rd7+ Ke8 20.
Qe7# 1-0

[Event "Junior Online 4NCL Division 3"]
[Site "online"]
[Date "2020.10.15"]
[Round "5.34"]
[White "Patel, Diah Dipal"]
[Black "Thompson, Noah"]
[Result "0-1"]
[WhiteElo "895"]
[BlackElo "1225"]
[PlyCount "68"]
[EventDate "2020.10.15"]
[WhiteTeam "Warwickshire Bears G"]
[BlackTeam "Surbiton Juniors C"]

1. e4 c6 2. Nf3 e6 3. Nc3 d5 4. d3 Be7 5. Be3 Nd7 6. Qd2 Ngf6 7. O-O-O O-O 8.
Bd4 Qc7 9. Qg5 h6 10. Qe3 e5 11. Bxe5 Nxe5 12. Qf4 Bd6 13. Qh4 Be6 14. d4 dxe4
15. dxe5 Bxe5 16. Nxe5 Qxe5 17. f4 Qh5 18. Qg3 Bg4 19. Rd2 Rad8 20. Bd3 c5 21.
Rf2 exd3 22. cxd3 Qf5 23. Rd2 c4 24. h3 cxd3 25. hxg4 Qxg4 26. Qe3 Rfe8 27.
Qxa7 Qxf4 28. Qxb7 Rb8 29. Qa6 Rxb2 30. Qxd3 Rxd2 31. Qb1 Rxg2+ 32. Kd1 Rd8+
33. Ke1 Qd2+ 34. Kf1 Qf2# 0-1

[Event "Junior Online 4NCL Division 3"]
[Site "online"]
[Date "2020.10.15"]
[Round "5.35"]
[White "Murthy, Rishab"]
[Black "Baguley, Rory"]
[Result "1/2-1/2"]
[WhiteElo "1030"]
[BlackElo "1187"]
[PlyCount "86"]
[EventDate "2020.10.15"]
[WhiteTeam "Warwickshire Bears G"]
[BlackTeam "Surbiton Juniors C"]

1. d4 d5 2. Nc3 Nf6 3. Bf4 Nc6 4. Nb5 e5 5. dxe5 Nh5 6. Bd2 Nxe5 7. e4 Nf6 8.
Bf4 Qe7 9. Bxe5 Qxe5 10. Be2 Qxb2 11. Nxc7+ Kd8 12. Nxa8 Qb4+ 13. Qd2 Qxe4 14.
Qa5+ b6 15. Qxa7 Qb4+ 16. Kf1 Bd6 17. Qxb6+ Qxb6 18. Nxb6 Bf5 19. Rd1 Bxc2 20.
Rd2 Be4 21. f3 Bf5 22. Nxd5 Nxd5 23. Rxd5 Kd7 24. Rxf5 Ke6 25. Rf4 Bxf4 26. g3
Be3 27. Kg2 Rb8 28. Nh3 Rb2 29. Nf4+ Bxf4 30. gxf4 Rxe2+ 31. Kh3 Rxa2 32. Rg1
g6 33. Kg4 Rxh2 34. Ra1 h5+ 35. Kg5 Rg2+ 36. Kh6 h4 37. Ra6+ Ke7 38. Ra7+ Ke6
39. Ra6+ Ke7 40. Ra7+ Kf6 41. Ra6+ Kf5 42. Ra5+ Ke6 43. Ra6+ Ke7 1/2-1/2

[Event "Junior Online 4NCL Division 3"]
[Site "online"]
[Date "2020.10.15"]
[Round "5.36"]
[White "de Villiers, Alex"]
[Black "Gandhi, Preesh"]
[Result "1-0"]
[WhiteElo "1225"]
[BlackElo "1082"]
[PlyCount "121"]
[EventDate "2020.10.15"]
[WhiteTeam "Surbiton Juniors C"]
[BlackTeam "Warwickshire Bears G"]

1. e4 e5 2. Nf3 Nc6 3. Bc4 Bc5 4. O-O Nf6 5. Nc3 O-O 6. d3 d6 7. Be3 Bxe3 8.
fxe3 Qe7 9. Bd5 Nxd5 10. exd5 Nb4 11. a3 Na6 12. Qe2 b6 13. d4 exd4 14. exd4
Qxe2 15. Nxe2 Re8 16. Nc3 Bb7 17. Rae1 h6 18. b4 c6 19. dxc6 Bxc6 20. b5 Bxf3
21. Rxe8+ Rxe8 22. bxa6 Be2 23. Re1 Bb5 24. Rxe8+ Bxe8 25. Kf2 Kh7 26. Ke3 Kg6
27. Ke4 Bc6+ 28. Kf4 Bxg2 29. Nb5 Kh5 30. Nxa7 g5+ 31. Kg3 Ba8 32. Nc8 b5 33.
Nb6 Bc6 34. a7 Kg6 35. d5 Bb7 36. a8=Q Bxa8 37. Nxa8 Kf5 38. Nc7 Ke5 39. Nxb5
Kxd5 40. Nc7+ Kc6 41. Ne8 Kd5 42. a4 Kc5 43. a5 Kb5 44. Nxd6+ Kxa5 45. Nxf7 Kb4
46. Nxh6 Kc3 47. Kg4 Kxc2 48. Kxg5 Kd3 49. h4 Ke4 50. h5 Ke5 51. Kg6 Ke6 52.
Ng8 Kd7 53. h6 Ke8 54. h7 Kf8 55. h8=Q Ke8 56. Qg7 Kd8 57. Kf6 Kc8 58. Ke6 Kb8
59. Kd6 Ka8 60. Kc6 Kb8 61. Qb7# 1-0